| 000 | 00657nam a2200217 a 4500 | ||
|---|---|---|---|
| 999 |
_c6113 _d6113 |
||
| 001 | 6113 | ||
| 003 | BD-JhCC | ||
| 005 | 20180102102529.0 | ||
| 008 | 180101s1980 bg ||||| |||| 00| 0 bg d | ||
| 035 | _a(BD-JhCC)6113 | ||
| 040 |
_aBD-JhCC _dBD-JhCC |
||
| 041 | _aben | ||
| 082 |
_a297 _bSAD 1980 |
||
| 100 | _aসাদেক, মোহাম্মদ | ||
| 245 |
_aইসলাম ও ফিতরাত / _c মোহাম্মদ সাদেক |
||
| 260 |
_aঢাকা : _bইসলামী সাংস্কৃতিক কেন্দ্র; _c1980 |
||
| 300 |
_a108 p. : _c21 cm. |
||
| 650 | _aIslam | ||
| 942 |
_2ddc _cBK |
||